| 000 -LEADER |
| fixed length control field |
00724cam a2200193 a 4500 |
| 020 ## - INTERNATIONAL STANDARD BOOK NUMBER |
| ISBN |
0030628636 |
| 020 ## - INTERNATIONAL STANDARD BOOK NUMBER |
| ISBN |
9780030628634 |
| 040 ## - CATALOGING SOURCE |
| Transcribing agency |
DLC |
| 082 00 - DEWEY DECIMAL CLASSIFICATION NUMBER |
| Classification number |
630 IIR 1999 C111 Or. |
| 245 00 - TITLE STATEMENT |
| Title |
Environmentally sound agriculture : |
| Remainder of title |
selected papers from the Fourth International Conference of the International Federation of Organic Agriculture Movements, Cambridge, Massachusetts, August 18 to 20, 1982 / |
| 300 ## - PHYSICAL DESCRIPTION |
| Number of Pages |
xii, 426 pages : |
| Other physical details |
illustrations ; |
| Dimensions |
25 cm |
| 650 #0 - SUBJECT ADDED ENTRY--TOPICAL TERM |
| Topical Term |
Agricultural conservation |
| 650 #0 - SUBJECT ADDED ENTRY--TOPICAL TERM |
| Topical Term |
Agricultural ecology |
| 650 #0 - SUBJECT ADDED ENTRY--TOPICAL TERM |
| Topical Term |
Agriculture |
| 650 #0 - SUBJECT ADDED ENTRY--TOPICAL TERM |
| Topical Term |
Organic farming |
| 700 1# - ADDED ENTRY--PERSONAL NAME |
| Personal name |
Lockeretz, William |
| 710 2# - ADDED ENTRY--CORPORATE NAME |
| Corporate name or jurisdiction name as entry element |
International Federation of Organic Agriculture Movements. |
| 942 ## - ADDED ENTRY ELEMENTS (KOHA) |
| Koha item type |
ADB |
| 952 ## - LOCATION AND ITEM INFORMATION (KOHA) |
| Withdrawn status [LOCAL, KOHA] |
0 |